| 000 | 00512nam a22001697a 4500 | ||
|---|---|---|---|
| 005 | 20251108142638.0 | ||
| 008 | 251108b |||||||| |||| 00| 0 eng d | ||
| 020 | _a9780131184886 | ||
| 050 |
_aTL260 _b.B57 |
||
| 100 | _aBirch, Tom | ||
| 245 |
_aManual Drivetrains and Axles _cTom Birch & Chuck Rockwood |
||
| 250 | _a4th ed. | ||
| 260 |
_aUpper Saddle River, New Jersey _bPearson Prentice Hall _c2005 |
||
| 300 |
_ax. 515p. _bill. some color _c27.5cm |
||
| 700 | _aRockwood, Chuck | ||
| 942 |
_2lcc _cBK _e4th ed. _n0 |
||
| 999 |
_c8159 _d8159 |
||